Southville International School and Colleges
Your cart is empty.
  • Cart
  • Lists
    Public lists Eva Luna New books Lux_list list_1
    Your lists Log in to create your own lists
  • Log in to your account
  • Your cookies
  • Search history
Southville International School and Colleges
  • Advanced search
  • Recent comments
  • Most popular
  • Libraries

Log in to your account

Log in with GOOGLE


If you do not have an external account, but do have a local account, you can still log in:

  1. Home
  2. MARC view: The introduction to poetry /
Normal view MARC view ISBD view

The introduction to poetry / (Record no. 9845)

[ view plain ]
MARC details
000 -LEADER
fixed length control field 00920cam a22003014a 4500
001 - CONTROL NUMBER
control field 14164244
003 - CONTROL NUMBER IDENTIFIER
control field SISC
005 - DATE AND TIME OF LATEST TRANSACTION
control field 20160308154833.0
008 - FIXED-LENGTH DATA ELEMENTS--GENERAL INFORMATION
fixed length control field 051102s2007 nyua b 001 0 eng
010 ## - LIBRARY OF CONGRESS CONTROL NUMBER
LC control number 2005055533
020 ## - INTERNATIONAL STANDARD BOOK NUMBER
International Standard Book Number 9780321015563
035 ## - SYSTEM CONTROL NUMBER
System control number (OCoLC)ocm62282455
035 ## - SYSTEM CONTROL NUMBER
System control number (OCoLC)62282455
040 ## - CATALOGING SOURCE
Original cataloging agency DLC
Transcribing agency DLC
Modifying agency YDX
-- BAKER
-- BTCTA
-- YDXCP
-- DLC
042 ## - AUTHENTICATION CODE
Authentication code pcc
050 00 - LIBRARY OF CONGRESS CALL NUMBER
Classification number PN 1042
Item number .K39 1998
082 00 - DEWEY DECIMAL CLASSIFICATION NUMBER
Classification number HS 808.1
Item number K39 1997
100 ## - MAIN ENTRY--PERSONAL NAME
Personal name Kennedy, X.J.
245 04 - TITLE STATEMENT
Title The introduction to poetry /
Statement of responsibility, etc X.J. Kennedy, Dana Giola.
250 ## - EDITION STATEMENT
Edition statement 9th ed.
260 ## - PUBLICATION, DISTRIBUTION, ETC. (IMPRINT)
Place of publication, distribution, etc New York :
Name of publisher, distributor, etc W.W. Norton,
Date of publication, distribution, etc c1998.
300 ## - PHYSICAL DESCRIPTION
Extent 650 p. :
Other physical details ill. ;
Dimensions 24 cm.
650 #0 - SUBJECT ADDED ENTRY--TOPICAL TERM
Topical term or geographic name as entry element Poetry
Form subdivision Collections.
906 ## - LOCAL DATA ELEMENT F, LDF (RLIN)
a 7
b cbc
c orignew
d 1
e ocip
f 20
g y-gencatlg
942 ## - ADDED ENTRY ELEMENTS (KOHA)
Source of classification or shelving scheme Library of Congress Classification
Koha item type Books
Holdings
Withdrawn status Lost status Source of classification or shelving scheme Damaged status Home library Current library Shelving location Date acquired Total Checkouts Full call number Barcode Date last seen Date checked out Copy number Price effective from Koha item type
    Library of Congress Classification   Luxembourg Library Luxembourg Library High School Section 08/29/2013 1 PN 1042 .K39 1998 8278 12/05/2024 11/27/2024 1 08/29/2013 Books

The introduction to poetry /

APA

Kennedy X., . (1998). The introduction to poetry. New York: W.W. Norton.

Chicago

Kennedy X.J, . 1998. The introduction to poetry. New York: W.W. Norton.

Harvard

Kennedy X., . (1998). The introduction to poetry. New York: W.W. Norton.

MLA

Kennedy X.J, . The introduction to poetry. New York: W.W. Norton. 1998.

  • Place hold
  • Print
  • Cite
  • Add to your cart (remove)
  • Save record
    BIBTEX Dublin Core MARCXML MARC (non-Unicode/MARC-8) MARC (Unicode/UTF-8) MARC (Unicode/UTF-8, Standard) MODS (XML) RIS
  • More searches
    Search for this title in:
    Other Libraries (WorldCat) Other Databases (Google Scholar) Online Stores (Bookfinder.com) Open Library (openlibrary.org)

Exporting to Dublin Core...

SOUTHVILLE LIBRARY

Southville International School and Colleges Library

1281 Tropical Ave. Cor. Luxembourg St., BF Homes International, Las Pinas City

Tel. No. 8256374 / 252358 Loc. 117/146

Powered by Koha